1203 1420 1139 1567 1118 1029 1834 1160 1556 1221 1171 1312 1749 1953 1815 1632 1970 1872 1046 1226 1979 1610 1190 1172 1158 1109 1985 1132 1250 1321 1054 1084 1003 1133 1396 1215 1617 1186 1596 1554 1754 1083 1084 1472 1301 1401 1745 1381 1441 1799 1874 1211 1839 1297 1757 1188 1515 1248 1488 1935 1513 1146 1821 1006 1041 1098 1819 1405 1708 1091 1555 1976 1552 1670 1944 1831 1940 1715 1504 1021 1527 1460 1430 1003 1569 1602 1375 1193 1801 1968 1466 1201 1775 1166 1638 1824 1307 1511 1150 BCNSPRNW ULIB Ver.6.0+V

เปลี่ยนเป็นภาษาไทย

Change to English
 แสดงรายละเอียดบรรณานุกรม
  กลับหน้าหลัก

Brief Record : Get Marc (ISO 2709) : E-mail record : QR code < ปิดหน้าต่าง
LEADER : 00000nam 2200000uu 4500
001    13399126458
003     ULIB
008    180918s2561||||th 000 0 tha d
020    ^a9789740337560
050    ^aLB1051^bว744จ
100    ^aวีรพล แสงปัญญา
245    ^aจิตวิทยาการเรียนการสอน
250    ^aพิมพ์ครั้งที่ 1
260    ^aกรุงเทพฯ :^bศูนย์หนังสือจุฬาลงกรณ์มหาวิทยาลัย,^c2561
300    ^a198 หน้า
650    ^aจิตวิทยาการศึกษา
945    ^p200^l0^i26996
945    ^p200^l0^i26995
945    ^p200^l0^i26994
945    ^p200^l0^i26666
945    ^p200^l0^i26667
945    ^p200^l0^i26997
945    ^p200^l0^i26998
999    ^aกัณชพร จุลอักษร
รายการนี้ยังไม่มีแท็ก
คุณยังไม่ได้ล็อกอิน คุณสามารถมีกิจกรรมร่วมกับเว็บไซต์ได้ แต่ต้องล็อกอินก่อน ::
  ล็อกอิน

รายการสื่อสารสนเทศ

ลำดับที่ ประเภท เลขเรียก/บาร์โค้ด สถานที่ สถานะ
1. หนังสือสำรอง
หนังสือสำรอง
LB1051 ว744จ ฉ.1 
  Barcode: 26666
ห้องสมุดวิทยาเขตนครสวรรค์
►หนังสือทั่วไป:l:General Books
บนชั้น
2. วิทยาศาสตร์การแพทย์ และสุขภาพ
วิทยาศาสตร์การแพทย์ และสุขภาพ
LB1051 ว744จ ฉ.2 
  Barcode: 26667
ห้องสมุดวิทยาเขตนครสวรรค์
►หนังสือทั่วไป:l:General Books
บนชั้น
3. วิทยาศาสตร์การแพทย์ และสุขภาพ
วิทยาศาสตร์การแพทย์ และสุขภาพ
LB1051 ว744จ ฉ.3 
  Barcode: 26994
ห้องสมุดวิทยาเขตนครสวรรค์
►หนังสือทั่วไป:l:General Books
บนชั้น
4. วิทยาศาสตร์การแพทย์ และสุขภาพ
วิทยาศาสตร์การแพทย์ และสุขภาพ
LB1051 ว744จ ฉ.4 
  Barcode: 26995
ห้องสมุดวิทยาเขตนครสวรรค์
►หนังสือทั่วไป:l:General Books
บนชั้น
5. วิทยาศาสตร์การแพทย์ และสุขภาพ
วิทยาศาสตร์การแพทย์ และสุขภาพ
LB1051 ว744จ ฉ.5 
  Barcode: 26996
ห้องสมุดวิทยาเขตนครสวรรค์
►หนังสือทั่วไป:l:General Books
บนชั้น
6. วิทยาศาสตร์การแพทย์ และสุขภาพ
วิทยาศาสตร์การแพทย์ และสุขภาพ
LB1051 ว744จ ฉ.6 
  Barcode: 26997
ห้องสมุดวิทยาเขตนครสวรรค์
►หนังสือทั่วไป:l:General Books
บนชั้น
7. วิทยาศาสตร์การแพทย์ และสุขภาพ
วิทยาศาสตร์การแพทย์ และสุขภาพ
LB1051 ว744จ ฉ.7 
  Barcode: 26998
ห้องสมุดวิทยาเขตนครสวรรค์
►หนังสือทั่วไป:l:General Books
บนชั้น

รายการใกล้เคียง
    ชื่อเรื่อง [จิตวิทยาการเรียนการสอน]

    หัวเรื่อง [จิตวิทยาการศึกษา]

BibComment


ยังไม่เคยถูกคอมเมนท์

คอมเมนท์ทรัพยากรรายการนี้
  คอมเมนท์: จิตวิทยาการเรียน..


 Copyright 2026. Bcnsprnw @Library